书目信息 |
| 题名: |
室内与家具设计CAD教程
|
|
| 作者: | 张帆 编著 | |
| 分册: | ||
| 出版信息: | 北京 中国建筑工业出版社 2018.06 |
|
| 页数: | 254页 | |
| 开本: | 26cm | |
| 丛书名: | ||
| 单 册: | ||
| 中图分类: | TU238.2-39 | |
| 科图分类: | ||
| 主题词: | 建筑设计 | |
| 电子资源: | ||
| ISBN: | 978-7-112-22167-7 | |
| 000 | 00624nam0 2200205 450 | |
| 001 | 1937065063 | |
| 005 | 20190308102105.35 | |
| 010 | @a978-7-112-22167-7@dCNY45.00 | |
| 100 | @a20190308d2018 km y0chiy0120 ea | |
| 101 | 0 | @achi |
| 102 | @aCN@b110000 | |
| 200 | 1 | @a室内与家具设计CAD教程@AShi Nei Yu Jia Ju She Ji CAD Jiao Cheng@f张帆编著@FZhang Fan Bian Zhu |
| 205 | @a3版 | |
| 210 | @a北京@c中国建筑工业出版社@d2018.06 | |
| 215 | @a254页@d26cm | |
| 606 | 0 | @a建筑设计 |
| 690 | @aTU238.2-39@v4 | |
| 701 | 0 | @a张帆@AZhang Fan@4编著 |
| 801 | 0 | @aCN@b大连网信软件有限公司图书馆·11@c20190308 |
| 905 | @aZUCC@dTU238.2-39@eZ1051 | |
| 室内与家具设计CAD教程/张帆编著.-3版.-北京:中国建筑工业出版社,2018.06 |
| 254页;26cm |
| ISBN 978-7-112-22167-7:CNY45.00 |
| ● |
| 相关链接 |
|
|
|
正题名:室内与家具设计CAD教程
索取号:TU238.2-39/Z1051
 
预约/预借
| 序号 | 登录号 | 条形码 | 馆藏地/架位号 | 状态 | 备注 |
| 1 | 1244151 | 212441516 | 建筑库101/101建筑库 56排6列4层/ [索取号:TU238.2-39/Z1051] | 在馆 |